[Event "76th ch-ARM HL 2016"]
[Site "Yerevan ARM"]
[Date "2016.01.16"]
[Round "5"]
[White "Gabuzyan,H"]
[Black "Hayrapetyan,Ho"]
[Result "0-1"]
[WhiteElo "2585"]
[BlackElo "2489"]
[EventDate "2016.01.12"]

1. Nf3 d5 2. g3 g6 3. Bg2 Bg7 4. O-O e5 5. c4 dxc4 6. Na3 Nc6 7. Nxc4 Nge7
8. d3 O-O 9. Bd2 Nf5 10. Rc1 Qe7 11. Bg5 f6 12. Bd2 Be6 13. b4 a6 14. a3
Rfd8 15. Na5 Nxa5 16. bxa5 Rac8 17. Qa4 c5 18. Bc3 c4 19. Bb4 Qf7 20. dxc4
e4 21. Nd2 e3 22. Ne4 Rxc4 23. Rxc4 Bxc4 24. Bc5 Bxe2 25. Re1 Bb5 26. Qb4
exf2+ 27. Bxf2 Bc6 28. g4 Nh6 29. Nd6 Qd7 30. Nxb7 Bxb7 31. Qxb7 Nxg4 32.
Qxa6 Nxf2 33. Kxf2 Qd4+ 34. Kf1 Bf8 35. Qe6+ Kg7 36. Qe4 Qd2 37. Kg1 Qxa5
38. Qb7+ Kh6 39. Rf1 Qc3 40. a4 Rd4 41. a5 Ra4 42. a6 Ra1 43. Rxa1 Bc5+ 44.
Kf1 Qxa1+ 45. Ke2 Qe5+ 46. Kd3 Qxh2 47. Qd5 Ba7 48. Qd7 Qg3+ 49. Kc4 Qe3
50. Bd5 Qd4+ 51. Kb3 Kg5 52. Kc2 h5 53. Qe6 h4 54. Bb7 Qf2+ 55. Kd1 Qf1+
56. Kd2 Qf4+ 57. Ke2 Qg4+ 58. Qxg4+ Kxg4 59. Kf1 h3 60. Bc6 f5 61. Be8 g5
62. Bd7 Kf4 0-1

[Event "76th ch-ARM HL 2016"]
[Site "Yerevan ARM"]
[Date "2016.01.16"]
[Round "5"]
[White "Ter Sahakyan,S"]
[Black "Grigoryan,K2"]
[Result "0-1"]
[WhiteElo "2604"]
[BlackElo "2602"]
[EventDate "2016.01.12"]

1. e4 e5 2. Nf3 Nc6 3. Bb5 a6 4. Ba4 Nge7 5. Bb3 Ng6 6. h4 Be7 7. g3 d6 8.
c3 Bg4 9. d3 Qd7 10. Nbd2 Rf8 11. Nf1 f5 12. Ne3 fxe4 13. Nxg4 Qxg4 14. Ng5
Qxd1+ 15. Bxd1 Bxg5 16. hxg5 exd3 17. Rxh7 Rf7 18. Be3 e4 19. Bh5 Nce7 20.
f4 exf3 21. Kf2 Kf8 22. Bg4 Nf5 23. Bf4 Kg8 24. Rh2 Re8 25. Bxf3 Nxg3 26.
Kxg3 Rxf4 27. Bxb7 Re3+ 28. Kg2 d2 29. Rd1 Nh4+ 30. Rxh4 Rxh4 31. Rxd2 a5
32. g6 Rg4+ 33. Kf2 Re5 34. Bd5+ Kf8 35. Bf7 Rf4+ 36. Kg3 Rf1 37. Kg4 Ke7
0-1

[Event "76th ch-ARM HL 2016"]
[Site "Yerevan ARM"]
[Date "2016.01.16"]
[Round "5"]
[White "Babujian,L"]
[Black "Andriasian,Z"]
[Result "0-1"]
[WhiteElo "2465"]
[BlackElo "2594"]
[EventDate "2016.01.12"]

1. d4 d5 2. c4 c6 3. Nc3 Nf6 4. cxd5 cxd5 5. Bf4 Nc6 6. e3 Bf5 7. Qb3 Na5
8. Qa4+ Bd7 9. Bb5 e6 10. Nf3 a6 11. Bxd7+ Nxd7 12. O-O Be7 13. Rfc1 Nc6
14. Qb3 Qb6 15. Qd1 O-O 16. Na4 Qa5 17. a3 Rfc8 18. b4 Qd8 19. h3 b5 20.
Nc5 Nb6 21. Qd3 Nc4 22. g4 a5 23. Rab1 axb4 24. axb4 Ra2 25. Bg3 Rca8 26.
h4 h6 27. Nb7 Qc8 28. Nc5 R8a3 29. Rc3 Bxc5 30. dxc5 Rxc3 31. Qxc3 e5 32.
Ra1 Rxa1+ 33. Qxa1 Kh7 34. Qd1 e4 35. Nd4 Nxb4 36. Bd6 Nd3 37. Nxb5 Qd7 38.
Nd4 Nxd6 39. cxd6 Qxd6 40. f4 Qb8 41. Qa1 g6 42. Ne2 Qc8 43. f5 gxf5 44.
Qf6 Qe6 45. Qxf5+ Qxf5 46. gxf5 Kg7 47. Nc3 Nb4 48. Nb5 Nc2 49. Kf2 Kf6 50.
Nd6 Na3 51. Nb7 Kxf5 52. Nd8 Kf6 53. Nc6 Nc4 54. Nd4 Nd6 55. Ne2 Nf5 56.
Nf4 Ke5 57. Ng2 d4 58. exd4+ Nxd4 59. Kg3 h5 60. Kf2 f5 61. Ne3 Nf3 62.
Nc4+ Kf4 0-1

[Event "76th ch-ARM HL 2016"]
[Site "Yerevan ARM"]
[Date "2016.01.16"]
[Round "5"]
[White "Hovhannisyan,R"]
[Black "Mikaelyan,A"]
[Result "1-0"]
[WhiteElo "2624"]
[BlackElo "2448"]
[EventDate "2016.01.12"]

1. e4 Nf6 2. e5 Nd5 3. d4 d6 4. Nf3 Bg4 5. Be2 e6 6. c4 Nb6 7. exd6 cxd6 8.
h3 Bh5 9. Nc3 Be7 10. d5 e5 11. g4 Bg6 12. Be3 Na6 13. h4 h5 14. g5 Rc8 15.
b3 Nc5 16. Bxc5 Rxc5 17. Bd3 Bxd3 18. Qxd3 O-O 19. Nd2 Nd7 20. g6 f5 21.
Qf3 Rf6 22. Rg1 Nf8 23. Qxh5 Qe8 24. O-O-O b5 25. Kb2 bxc4 26. Nxc4 Qc8 27.
Rc1 Rxc4 28. bxc4 Qxc4 29. Ka1 Bd8 30. Ne2 Qa6 31. Rc6 Qb7 32. Rgc1 Nxg6
33. Rc8 Qd7 34. Rb8 Nf8 35. f4 Rh6 36. Qf3 e4 37. Qb3 Rxh4 38. Rcc8 Bf6+
39. Kb1 Rh1+ 40. Kc2 Be7 41. Qc4 1-0

[Event "76th ch-ARM HL 2016"]
[Site "Yerevan ARM"]
[Date "2016.01.16"]
[Round "5"]
[White "Pashikian,A"]
[Black "Petrosyan,M"]
[Result "1-0"]
[WhiteElo "2606"]
[BlackElo "2466"]
[EventDate "2016.01.12"]

1. d4 Nf6 2. c4 e6 3. g3 c5 4. Nf3 cxd4 5. Nxd4 d5 6. Bg2 e5 7. Nf3 d4 8.
O-O Nc6 9. e3 Bc5 10. exd4 exd4 11. Nbd2 O-O 12. Nb3 Qb6 13. Bg5 Ne4 14.
Re1 f5 15. Bf4 d3 16. Nxc5 Qxc5 17. Re3 Nb4 18. Ng5 Nc2 19. Nxh7 Nxa1 20.
Nxf8 Nc2 21. Rxe4 fxe4 22. Bxe4 Kxf8 23. Qxd3 Qd4 24. Qf3 Qf6 25. Bxc2 Be6
26. Qh5 Bf7 27. Qh8+ Bg8 28. c5 Re8 29. Bd6+ Kf7 30. Bb3+ Re6 31. Qh5+ g6
32. Qd5 Kg7 33. Qxb7+ Bf7 34. Bxe6 Qxe6 35. Qe7 Qc4 36. b3 Qg4 37. Be5+ 1-0

[Event "76th ch-ARM HL 2016"]
[Site "Yerevan ARM"]
[Date "2016.01.16"]
[Round "5"]
[White "Petrosian,TL"]
[Black "Torosyan,N"]
[Result "1/2-1/2"]
[WhiteElo "2625"]
[BlackElo "2365"]
[EventDate "2016.01.12"]

1. b3 e5 2. Bb2 Nc6 3. e3 Nf6 4. Bb5 Bd6 5. Na3 Na5 6. Be2 a6 7. Nf3 Qe7 8.
Nb1 Nc6 9. d4 exd4 10. exd4 O-O 11. O-O b5 12. Re1 Qd8 13. Nbd2 Rb8 14. a4
Re8 15. axb5 axb5 16. Bf1 Bf8 17. Ne5 Ne7 18. Ndf3 d6 19. Nd3 Bf5 20. Nb4
Nfd5 21. Nxd5 Nxd5 22. Qd2 Rxe1 23. Nxe1 Be7 24. Ra6 Bg5 25. Qa5 Bc8 26.
Ra7 c6 27. Qa1 Qb6 28. c4 bxc4 29. bxc4 Ne7 30. Bc3 d5 31. Nf3 Bf6 32. Ne5
dxc4 33. Nxc4 Qd8 34. Ba5 Qd5 35. Ne3 Qb3 36. h3 g6 37. Kh2 Be6 38. Bc7 Rb7
39. Ra8+ Kg7 40. Be5 Bxe5+ 41. dxe5 Qb2 42. Qxb2 Rxb2 43. f3 Rb1 44. Kg3
Nd5 45. Nxd5 Bxd5 46. Be2 Rb2 47. Bf1 h5 48. Ra4 Rc2 49. h4 Rc3 50. Ba6 Be6
51. Bb7 c5 52. Be4 c4 53. Ra5 Kf8 54. Kf4 Rc1 55. Bd5 Bxd5 56. Rxd5 Ke7 57.
Rc5 c3 58. Rc6 Kd7 59. Rc4 Ke6 60. Rc5 Rg1 61. g3 Rc1 62. Kg5 Rg1 63. Kf4
Rc1 64. Rc7 c2 65. Rc5 Ke7 66. Rc6 Kd7 67. Rc3 Ke6 68. Rc5 Ke7 69. Rc6 Kd7
70. Rc3 Ke6 71. Rc5 Ke7 72. Rc3 Ke6 73. Rc5 1/2-1/2

[Event "76th ch-ARM HL 2016"]
[Site "Yerevan ARM"]
[Date "2016.01.17"]
[Round "6"]
[White "Hayrapetyan,Ho"]
[Black "Petrosyan,M"]
[Result "1/2-1/2"]
[WhiteElo "2489"]
[BlackElo "2466"]
[EventDate "2016.01.12"]

1. d4 Nf6 2. Nf3 e6 3. c4 b6 4. g3 Ba6 5. b3 Bb4+ 6. Bd2 Be7 7. Nc3 c6 8.
Bg2 d5 9. cxd5 cxd5 10. O-O O-O 11. Ne5 Bb7 12. Rc1 Nfd7 13. f4 Nxe5 14.
fxe5 Nc6 15. Be3 Rc8 16. Nb1 f6 17. exf6 Bxf6 18. Qd2 Qe7 19. Nc3 Kh8 20.
Kh1 Qb4 21. Rfd1 Rfe8 22. Bg1 Qa5 23. e4 dxe4 24. Nxe4 Qxd2 25. Rxd2 Ne7
26. Rdc2 Rxc2 27. Rxc2 Rc8 28. Re2 Bxe4 29. Bxe4 Kg8 30. Kg2 Kf7 31. h4 h5
32. Bf2 Nd5 33. Rc2 Rxc2 34. Bxc2 Nb4 35. Bb1 Nc6 36. Be4 Nxd4 37. Bxd4
Bxd4 38. Kf3 Bc5 39. a4 Kf6 40. Bd3 Bb4 41. Bc2 Ke5 42. Bg6 Kd4 43. Bf7 e5
44. Bxh5 e4+ 45. Ke2 Bd6 46. Bg6 Bxg3 47. h5 Kc3 48. Bf7 1/2-1/2

[Event "76th ch-ARM HL 2016"]
[Site "Yerevan ARM"]
[Date "2016.01.17"]
[Round "6"]
[White "Mikaelyan,A"]
[Black "Petrosian,TL"]
[Result "0-1"]
[WhiteElo "2448"]
[BlackElo "2625"]
[EventDate "2016.01.12"]

1. d4 d6 2. Nf3 Bg4 3. e4 Nf6 4. Nc3 e6 5. h3 Bh5 6. Be3 Be7 7. g4 Bg6 8.
Nd2 d5 9. Bg2 Nxe4 10. Ncxe4 dxe4 11. Nxe4 c6 12. Qd2 Nd7 13. h4 Bxe4 14.
Bxe4 Nf6 15. Bf3 Nd5 16. g5 Qb6 17. O-O-O O-O-O 18. c4 Nxe3 19. fxe3 Qa6
20. b3 f5 21. Kb1 g6 22. Qc3 Qb6 23. e4 Bb4 24. Qe3 Rd7 25. c5 Qa5 26. exf5
exf5 27. Rh2 Qc7 28. Rc2 Re7 29. Qd3 Qf4 30. Bg2 Rhe8 31. Kb2 Re1 32. Rxe1
Bxe1 33. d5 Re3 34. Qd1 Bb4 35. dxc6 Qe5+ 36. Kb1 Re1 37. cxb7+ Kc7 38. Rc1
Rxd1 39. Rxd1 Ba3 40. Rd2 Qe1+ 41. Kc2 Qc1+ 42. Kd3 Bb4 43. Rc2 0-1

[Event "76th ch-ARM HL 2016"]
[Site "Yerevan ARM"]
[Date "2016.01.17"]
[Round "6"]
[White "Grigoryan,K2"]
[Black "Hovhannisyan,R"]
[Result "0-1"]
[WhiteElo "2602"]
[BlackElo "2624"]
[EventDate "2016.01.12"]

1. e4 e5 2. Nf3 Nc6 3. Bc4 Bc5 4. c3 Nf6 5. d3 d6 6. Bb3 h6 7. O-O O-O 8.
Nbd2 b5 9. a4 b4 10. Nc4 bxc3 11. bxc3 Rb8 12. Ba2 a6 13. Re1 Ba7 14. Be3
Bxe3 15. Nxe3 Be6 16. Qc2 Qd7 17. Bc4 Bxc4 18. Nxc4 Nh5 19. d4 Nf4 20. Ne3
Rfe8 21. dxe5 Nxe5 22. Nd4 Ned3 23. Reb1 Rxb1+ 24. Rxb1 Nc5 25. f3 Qxa4 26.
Qxa4 Nxa4 27. Rb7 Rc8 28. Nc6 Kf8 29. c4 Ke8 30. Ra7 Nc5 31. Nb4 Rb8 32.
Nbd5 Nxd5 33. Nxd5 c6 34. Nc7+ Kf8 35. h4 Rb7 36. Rxb7 Nxb7 37. Nxa6 c5 38.
Kf2 Na5 39. Nc7 Nxc4 40. Nd5 h5 41. Nf4 g6 42. g4 hxg4 43. fxg4 Nb6 44. Ke3
Kg7 45. g5 Nc4+ 46. Ke2 Ne5 47. Nd5 Kf8 48. Ke3 Ke8 49. Nf6+ Kd8 50. h5
gxh5 51. Nxh5 Kd7 52. Nf6+ Kc6 53. Ne8 Ng4+ 54. Kf4 c4 55. Kf3 c3 56. Ke2
Nf2 57. Nf6 Kc5 58. Ke3 Kc4 59. Ne8 c2 60. Kd2 Kb3 61. Nxd6 Nd3 62. Kxd3
c1=Q 63. Nxf7 Qc4+ 0-1

[Event "76th ch-ARM HL 2016"]
[Site "Yerevan ARM"]
[Date "2016.01.17"]
[Round "6"]
[White "Andriasian,Z"]
[Black "Ter Sahakyan,S"]
[Result "1-0"]
[WhiteElo "2594"]
[BlackElo "2604"]
[EventDate "2016.01.12"]

1. e4 c5 2. Nf3 d6 3. d4 cxd4 4. Nxd4 Nf6 5. Nc3 a6 6. Be3 e5 7. Nf3 Be7 8.
Bc4 O-O 9. O-O Be6 10. Qe2 b5 11. Bb3 Nc6 12. Rfd1 Rc8 13. a4 b4 14. Nd5
Bxd5 15. exd5 Na5 16. Qxa6 Nd7 17. Qb5 Rb8 18. Qe2 Qc7 19. Nd2 Rfc8 20.
Rdc1 f5 21. f3 Bf6 22. Rab1 Nc5 23. Rd1 Kh8 24. Kh1 Qd7 25. g4 g6 26. Rg1
Qf7 27. gxf5 gxf5 28. Nc4 Nxc4 29. Bxc5 Rxc5 30. Bxc4 Ra8 31. b3 Rcc8 32.
Bd3 e4 33. fxe4 f4 34. Qf3 Be5 35. Rg2 Rg8 36. Rbg1 Bd4 37. Rxg8+ Rxg8 38.
Rxg8+ Qxg8 39. Qg2 Qf8 40. Be2 Qf6 41. Qg4 Be3 42. Kg2 Bc5 43. Bd3 Bd4 44.
Kf3 Be3 45. Qc8+ Kg7 46. Qd7+ Kf8 47. Qxh7 Qa1 48. Kg4 Qg1+ 49. Kf5 1-0

[Event "76th ch-ARM HL 2016"]
[Site "Yerevan ARM"]
[Date "2016.01.17"]
[Round "6"]
[White "Torosyan,N"]
[Black "Pashikian,A"]
[Result "0-1"]
[WhiteElo "2365"]
[BlackElo "2606"]
[EventDate "2016.01.12"]

1. e4 e5 2. Nf3 Nc6 3. Bb5 a6 4. Ba4 Nf6 5. O-O Be7 6. Qe2 b5 7. Bb3 O-O 8.
c3 d5 9. d3 Bb7 10. Nbd2 Re8 11. a3 Bf8 12. exd5 Na5 13. Ba2 Bxd5 14. c4
bxc4 15. dxc4 Bxf3 16. Nxf3 e4 17. Ng5 h6 18. Rd1 Qe7 19. Nh3 c5 20. b4 Nc6
21. bxc5 Qa7 22. Be3 Bxc5 23. Bxc5 Qxc5 24. Qe3 Qxe3 25. fxe3 Ng4 26. Re1
Nce5 27. Nf4 Nd3 28. Nxd3 exd3 29. Rad1 Rad8 30. e4 Rd4 31. Bb1 Ne5 32. Ba2
Rc8 33. Re3 g6 34. h3 Kf8 35. Kf2 Rb8 36. Rd2 Ke7 37. Re1 Kd6 38. c5+ Kxc5
39. Ke3 Ra4 40. Rc1+ Kd6 41. Rc3 f5 42. exf5 gxf5 43. g3 h5 44. Kf2 h4 0-1

[Event "76th ch-ARM HL 2016"]
[Site "Yerevan ARM"]
[Date "2016.01.17"]
[Round "6"]
[White "Gabuzyan,H"]
[Black "Babujian,L"]
[Result "1-0"]
[WhiteElo "2585"]
[BlackElo "2465"]
[EventDate "2016.01.12"]

1. Nf3 d5 2. c4 c6 3. d4 Nf6 4. e3 e6 5. Nbd2 c5 6. dxc5 Bxc5 7. a3 a5 8.
Nb3 Be7 9. cxd5 exd5 10. Bd3 O-O 11. h3 Nbd7 12. O-O a4 13. Nbd4 Nc5 14.
Be2 Nfe4 15. Bd2 Nxd2 16. Qxd2 Qb6 17. Qc2 Rd8 18. Rac1 Bd7 19. Ne5 Be8 20.
Nd3 Ne6 21. Nxe6 Qxe6 22. Nf4 Qe5 23. Bf3 Bc6 24. Rfd1 Ra5 25. Rd2 g6 26.
Qd1 Rb5 27. Rcc2 Kg7 28. Ne2 Rb6 29. g3 Bd7 30. Bg2 Bf5 31. Rc3 Ra6 32. e4
Be6 33. exd5 Bd7 34. Re3 Qd6 35. Nc3 Bf8 36. Ne4 Qb6 37. b4 axb3 38. Rxb3
Qa5 39. Qa1+ Kg8 40. Rxb7 Bg7 41. Qc1 Bf5 42. Ng5 Bh6 43. h4 Rc8 44. Qe1
Qxa3 45. Kh2 Rf8 46. Re2 Qa4 47. Nxf7 Rxf7 48. Ree7 Raf6 49. d6 Qd4 50. Qa5
Be6 51. d7 Rf8 52. Rxe6 Rxe6 53. Qd5 Qf6 54. Rb6 Kf7 55. Rxe6 Qxe6 56. d8=Q
Rxd8 57. Qxd8 Qe7 58. Qh8 Ke6 59. Bh3+ Kd5 60. Qb8 Bf8 61. Qb5+ Kd6 62.
Qb6+ Ke5 63. Qb2+ Kd5 64. f4 Bg7 65. Qa2+ Kd4 66. Qb2+ Ke3 67. Qc1+ Kd4 68.
Qa1+ Kd5 69. Bg2+ Ke6 70. Qa2+ Kf6 71. Bd5 Qc5 72. Bg8 Qe7 73. Qb2+ Kf5 74.
Qc2+ Kg4 75. Bxh7 Qe1 76. Qxg6+ Kf3 77. Qc6+ Kg4 78. Qd7+ Kf3 79. Qb7+ Kf2
80. Qg2+ Ke3 81. Qe4+ Kf2 82. Qxe1+ Kxe1 83. Kh3 Kf2 84. Kg4 Bc3 85. h5 Ke3
86. h6 Kd4 87. Kf5 Kd5 88. g4 Kd6 89. g5 Ke7 90. g6 1-0

[Event "76th ch-ARM HL 2016"]
[Site "Yerevan ARM"]
[Date "2016.01.19"]
[Round "7"]
[White "Babujian,L"]
[Black "Hayrapetyan,Ho"]
[Result "1-0"]
[WhiteElo "2465"]
[BlackElo "2489"]
[EventDate "2016.01.12"]

1. e4 c5 2. Nf3 e6 3. d4 cxd4 4. Nxd4 a6 5. Bd3 Nc6 6. Nxc6 bxc6 7. c4 d5
8. cxd5 cxd5 9. exd5 Qxd5 10. Nc3 Qd7 11. O-O Nf6 12. Qe2 Bb7 13. Be3 Bd6
14. Rfd1 O-O 15. Rac1 Rfc8 16. Bd4 Qc6 17. Qf1 Bf4 18. Rc2 e5 19. Ne2 Qe8
20. Nxf4 exd4 21. Qe2 Qa4 22. b3 Qa5 23. Rxc8+ Rxc8 24. Qe7 Qb6 25. Bc4 Rf8
26. h3 Ne4 27. Ne6 Rc8 28. Rxd4 Nxf2 29. Kxf2 1-0

[Event "76th ch-ARM HL 2016"]
[Site "Yerevan ARM"]
[Date "2016.01.19"]
[Round "7"]
[White "Ter Sahakyan,S"]
[Black "Gabuzyan,H"]
[Result "1/2-1/2"]
[WhiteElo "2604"]
[BlackElo "2585"]
[EventDate "2016.01.12"]

1. e4 c5 2. Nf3 d6 3. d4 cxd4 4. Nxd4 Nf6 5. Nc3 a6 6. Be3 e5 7. Nb3 Be7 8.
f3 h5 9. Qd2 Be6 10. Nd5 Nxd5 11. exd5 Bf5 12. Be2 Bh4+ 13. g3 Be7 14.
O-O-O Nd7 15. h3 Rc8 16. Bd3 Bxd3 17. Qxd3 Qc7 18. Nd2 g6 19. g4 Nb6 20.
Bxb6 Qxb6 21. Kb1 Bg5 22. Ne4 Bf4 23. Qb3 Qc7 24. Rd3 Ke7 25. g5 h4 26. Rg1
b5 27. Rg4 Qb6 28. Qb4 Rc4 29. Qe1 Bg3 30. Qe3 Qxe3 31. Rxe3 Rd4 32. Rd3
Rxd3 33. cxd3 Rc8 34. b4 a5 35. bxa5 Ra8 36. Kb2 Rxa5 37. a3 b4 38. axb4
Rxd5 39. Nxg3 hxg3 40. Kc3 Rd4 41. Rxg3 Rf4 42. b5 Kd7 43. Rg4 Rxf3 44. Rc4
Rf1 45. Kb4 Rb1+ 46. Ka5 Ra1+ 47. Kb6 Ra3 48. d4 exd4 49. Rxd4 Rxh3 50. Rf4
Ke6 51. Rg4 d5 52. Kc7 Rc3+ 53. Kb7 Kf5 54. Rg1 d4 55. b6 d3 56. Ka7 Ra3+
57. Kb8 d2 58. b7 Ke4 59. Kc7 Rc3+ 60. Kd7 Rb3 61. Kc7 Rc3+ 1/2-1/2

[Event "76th ch-ARM HL 2016"]
[Site "Yerevan ARM"]
[Date "2016.01.19"]
[Round "7"]
[White "Pashikian,A"]
[Black "Mikaelyan,A"]
[Result "1-0"]
[WhiteElo "2606"]
[BlackElo "2448"]
[EventDate "2016.01.12"]

1. d4 d5 2. c4 c6 3. Nf3 Nf6 4. e3 e6 5. b3 c5 6. cxd5 Nxd5 7. Bb2 cxd4 8.
Nxd4 Bb4+ 9. Nd2 Bc3 10. Bxc3 Nxc3 11. Qc2 Nd5 12. Bc4 O-O 13. O-O b6 14.
Rfd1 Bb7 15. N2f3 Qe7 16. Qd2 Na6 17. e4 Nf6 18. e5 Nd5 19. Nb5 Ndc7 20.
Qd6 Qxd6 21. Nxd6 Bxf3 22. gxf3 Nb4 23. f4 Rad8 24. f5 Nbd5 25. Rac1 Rd7
26. Bf1 Rfd8 27. Rd4 Kf8 28. Bh3 exf5 29. Bxf5 Re7 30. f4 g5 31. Nc8 Ree8
32. Nxa7 Ra8 33. Nc6 Nxf4 34. Rd2 Kg7 35. Bd7 Rf8 36. Nd4 Nce6 37. Bxe6
fxe6 38. Rc6 Rad8 39. Rd6 Nh3+ 40. Kh1 Kf7 41. Rxe6 Rfe8 42. Rd6 Nf4 43. h4
Ng6 44. Nf3 Rc8 45. e6+ Kf6 46. hxg5+ Kf5 47. Rxb6 Kg4 48. Nh2+ Kxg5 49.
Rd5+ Kf4 50. Rb4+ Ke3 51. Ng4+ Ke2 52. Ne5 Kf2 53. Rd2+ Ke3 54. Rd3+ Kf2
55. Rf3+ Ke2 56. Re4+ Kd2 57. Nc4+ Kd1 58. Nd6 1-0

[Event "76th ch-ARM HL 2016"]
[Site "Yerevan ARM"]
[Date "2016.01.19"]
[Round "7"]
[White "Hovhannisyan,R"]
[Black "Andriasian,Z"]
[Result "1/2-1/2"]
[WhiteElo "2624"]
[BlackElo "2594"]
[EventDate "2016.01.12"]

1. e4 c5 2. Nf3 d6 3. d4 cxd4 4. Nxd4 Nf6 5. Nc3 a6 6. Bg5 e6 7. f4 Qb6 8.
Qd2 Nc6 9. Bxf6 gxf6 10. Nb3 Bd7 11. O-O-O O-O-O 12. Be2 h5 13. Rhf1 Kb8
14. Kb1 Rc8 15. Rf3 h4 16. Na4 Qb4 17. Qxb4 Nxb4 18. Nb6 Rc7 19. c3 Nc6 20.
Nc4 Rg8 21. g3 hxg3 22. hxg3 d5 23. Nb6 Ka7 24. Nxd7 Rxd7 25. exd5 exd5 26.
Rfd3 Kb6 27. Bh5 Bh6 28. a3 Re7 29. Ka2 Bf8 30. Na1 Rc7 31. Nc2 Ka7 32. Rf3
Rh8 33. Rxd5 Ne7 34. Rd8 Nc6 35. Rd5 Ne7 36. Rd8 Nc6 37. Re8 Rxh5 38. Rxf8
Rh2 39. Nd4 Na5 40. Re8 Nc4 41. Re2 Rxe2 42. Nxe2 Re7 43. Rf2 Re3 44. Rg2
b5 45. Nd4 Kb6 46. Nf5 Re1 47. Rh2 Rg1 48. Re2 Kc5 49. Kb3 a5 50. a4 bxa4+
51. Kxa4 Nb6+ 52. Kb3 a4+ 53. Ka2 Nc4 54. Re7 Nd2 55. Ra7 Kb5 56. Nd6+ Kc5
57. Rxa4 Nf1 58. Ne4+ Kb5 59. Rb4+ Kc6 60. Rc4+ Kb6 61. Rd4 f5 62. Nd6 Nxg3
63. Nxf7 Rf1 64. Nd6 Kc6 65. Nc4 Ne4 66. Nd2 Nxd2 67. Rxd2 Rxf4 68. b4 Rf1
69. Kb3 f4 70. Kc4 f3 71. b5+ Kc7 72. Kc5 Re1 73. b6+ Kc8 74. Kb5 Re7 75.
Rf2 Rf7 76. c4 Kb7 77. c5 Rf5 78. Kb4 Kc6 79. Kc4 1/2-1/2

[Event "76th ch-ARM HL 2016"]
[Site "Yerevan ARM"]
[Date "2016.01.19"]
[Round "7"]
[White "Petrosian,TL"]
[Black "Grigoryan,K2"]
[Result "1-0"]
[WhiteElo "2625"]
[BlackElo "2602"]
[EventDate "2016.01.12"]

1. e4 c5 2. Nf3 Nc6 3. Nc3 e6 4. d4 cxd4 5. Nxd4 Qc7 6. Be2 Nf6 7. O-O a6
8. Be3 Be7 9. f4 d6 10. a4 O-O 11. Kh1 Nxd4 12. Qxd4 e5 13. Qd3 exf4 14.
Bxf4 Be6 15. Qg3 Ne8 16. Rad1 Rd8 17. e5 d5 18. Bd3 Kh8 19. Ne2 Qd7 20. Bg5
g6 21. Nd4 Rc8 22. Qh4 Bxg5 23. Qxg5 Kg7 24. Rf6 Nc7 25. Rdf1 Rce8 26. R1f4
Qe7 27. Rh4 Rh8 28. Qh6+ Kg8 29. Bxg6 Qb4 30. Bxf7+ Bxf7 31. Rg4+ 1-0

[Event "76th ch-ARM HL 2016"]
[Site "Yerevan ARM"]
[Date "2016.01.19"]
[Round "7"]
[White "Petrosyan,M"]
[Black "Torosyan,N"]
[Result "1-0"]
[WhiteElo "2466"]
[BlackElo "2365"]
[EventDate "2016.01.12"]

1. d4 Nf6 2. c4 g6 3. g3 Bg7 4. Bg2 O-O 5. Nc3 d6 6. Nf3 Nc6 7. O-O a6 8.
Bd2 e5 9. d5 Nd4 10. Ne1 Bd7 11. e3 Nf5 12. b4 Re8 13. Rb1 e4 14. Nc2 h5
15. h3 c5 16. dxc6 bxc6 17. Nd4 Qc8 18. Kh2 Nxd4 19. exd4 d5 20. Na4 Rb8
21. c5 h4 22. Bf4 Nh5 23. Bd6 e3 24. Rb2 Bf8 25. g4 Bxd6+ 26. cxd6 e2 27.
Rxe2 Nf4 28. Rxe8+ Bxe8 29. Qd2 g5 30. Nc5 Qd8 31. Nxa6 Rc8 32. Nc5 Qxd6
33. Kh1 f5 34. gxf5 Bd7 35. Re1 Bxf5 36. Qe3 Rb8 37. Qe5 Qxe5 38. Rxe5 Bxh3
39. Rxg5+ Kf7 40. Bxh3 Nxh3 41. Rf5+ Kg6 42. Rf3 Ng5 43. Rb3 Rf8 44. Kg2
Rf4 45. a4 h3+ 46. Kg3 Kf5 47. f3 Rxd4 48. Nd3 h2 49. Nf2 Rd2 50. Rb1 Ne6
51. b5 cxb5 52. axb5 Nf4 53. b6 h1=Q 54. Rxh1 Rb2 55. Rh6 Ng6 56. Nd3 Rxb6
57. Nf4 Rb1 58. Rh5+ Kf6 59. Nxd5+ Kg7 60. Ne3 Rb3 61. Ng4 Ra3 62. Rb5 Ra7
63. Ne3 Ra3 64. Rb7+ Kf6 65. Ng4+ Ke6 66. Rb5 Ra4 67. Rb6+ Kf7 68. Nh6+ Kg7
69. Nf5+ Kf7 70. Nd6+ Kg7 71. Rb7+ Kh6 72. Rc7 Kg5 73. Nc4 Kf6 74. Rc6+ Kg7
75. f4 Ne7 76. Rc5 Kf6 77. Ne3 Ra3 78. Kf3 Ke6 79. Re5+ Kf6 80. Rb5 Ke6 81.
Re5+ Kf6 82. Kg4 Ra4 83. Rb5 Ra1 84. Rb6+ Kf7 85. Rd6 Rc1 86. Rd7 Ke6 87.
Ra7 Rb1 88. f5+ Kf6 89. Ra6+ Kf7 90. Ra4 Rb5 91. Kg5 Re5 92. Kf4 Rb5 93.
Ke4 Rc5 94. Ra7 Rb5 95. Ng4 Rb4+ 96. Kf3 Rb3+ 97. Kf4 Rb4+ 98. Kg5 Rb5 99.
Nh6+ Kf8 100. Ra6 Rc5 101. Re6 Rc6 102. Re5 Rc1 103. Ra5 Rc8 104. f6 Nc6
105. Rc5 Na7 106. Rd5 Nc6 107. Rd7 Ra8 108. Rh7 Ra5+ 109. Kf4 Ra4+ 110. Ke3
Ra3+ 111. Kd2 Ra2+ 112. Kc1 Ke8 113. Rh8+ Kd7 114. f7 1-0

[Event "76th ch-ARM HL 2016"]
[Site "Yerevan ARM"]
[Date "2016.01.20"]
[Round "8"]
[White "Mikaelyan,A"]
[Black "Petrosyan,M"]
[Result "1/2-1/2"]
[WhiteElo "2448"]
[BlackElo "2466"]
[EventDate "2016.01.12"]

1. d4 Nf6 2. c4 e6 3. Nf3 b6 4. g3 Ba6 5. b3 Bb4+ 6. Bd2 Be7 7. Nc3 c6 8.
e4 d5 9. Qc2 dxe4 10. Nxe4 c5 11. Bc3 Bb7 12. Bd3 cxd4 13. Nxd4 Na6 14.
Nxf6+ Bxf6 15. Be4 Bxe4 16. Qxe4 O-O 17. O-O Nc5 18. Qe3 Qd7 19. Rad1 Rfd8
20. Qf3 Qb7 21. Qxb7 Nxb7 22. f4 Nc5 23. Nb5 Be7 24. Rxd8+ Rxd8 25. Nxa7
Ne4 26. Nb5 Bc5+ 27. Kh1 Nf2+ 28. Kg2 Nd1 29. Kh3 Rd3 30. b4 Nxc3 31. bxc5
bxc5 32. a4 Nxa4 33. Ra1 Nb6 34. Ra6 Nd7 35. Ra8+ Nf8 36. Rc8 h5 37. Rxc5
Ng6 38. Kg2 Rd2+ 39. Kh3 Ne7 40. Nc3 f6 41. Ne4 Rd4 42. Rc7 Nf5 43. Nc5
Rxc4 44. Nxe6 Re4 45. Rc5 Ne3 46. Rc8+ Kf7 47. Nc5 Re7 48. Rb8 g5 49. fxg5
fxg5 50. g4 Nxg4 51. Rb7 Rxb7 52. Nxb7 Nf6 53. Kg3 Ke6 54. Kf3 Nd5 55. Ke4
Nc3+ 56. Kf3 Nb5 57. Ke4 Kf6 58. Nc5 Nd6+ 59. Kd5 Ne8 60. Ke4 Kg6 61. h3
Nf6+ 62. Ke5 h4 63. Nd3 Nh5 64. Ke4 Kf6 65. Nf2 Ke6 66. Kf3 Kf5 67. Ke3 Nf6
68. Kf3 Nd5 69. Nd3 Nf4 70. Nf2 Ng6 71. Nd3 Ne7 72. Nf2 Nc6 73. Ng4 Nd4+
74. Ke3 Nc2+ 75. Kf3 Nb4 76. Ne3+ Kg6 77. Ng4 Nd3 78. Nf2 Ne5+ 79. Ke4 Kf6
80. Nh1 Ke6 81. Nf2 Nc4 82. Ng4 Nd6+ 83. Kf3 Kd5 84. Nf6+ Ke5 85. Ng4+ Kd4
86. Nf2 Nf7 87. Ng4 Kd5 88. Ne3+ Ke5 89. Ng4+ Kd4 90. Nf6 Ne5+ 91. Kf2 Nf7
92. Kf3 Ke5 93. Ng4+ Ke6 94. Nf2 Ne5+ 95. Ke4 Kf6 96. Nh1 Ng6 97. Nf2 Nf4
98. Ng4+ Kg7 99. Nf2 Kg6 100. Ke3 Kf6 101. Ke4 Ke6 102. Ke3 Ke5 103. Kf3
Kd4 104. Kg4 Ne6 105. Kf3 Kc3 106. Ne4+ Kd3 107. Nxg5 Nxg5+ 108. Kg4 Nxh3
109. Kh5 Ng5 110. Kxh4 1/2-1/2

[Event "76th ch-ARM HL 2016"]
[Site "Yerevan ARM"]
[Date "2016.01.20"]
[Round "8"]
[White "Grigoryan,K2"]
[Black "Pashikian,A"]
[Result "1-0"]
[WhiteElo "2602"]
[BlackElo "2606"]
[EventDate "2016.01.12"]

1. c4 c5 2. Nf3 Nc6 3. g3 g6 4. d4 cxd4 5. Nxd4 Bg7 6. Nc2 d6 7. Bg2 Be6 8.
Ne3 Nf6 9. Nc3 O-O 10. Ncd5 Rc8 11. Bd2 Ne5 12. b3 Qd7 13. Nf4 Nc6 14. Rc1
b5 15. Nxe6 Qxe6 16. cxb5 Nd4 17. O-O Nxb5 18. Rc4 d5 19. Rb4 a6 20. a4 Nc7
21. Bc3 Qd6 22. Rh4 Rfd8 23. Qa1 Ne6 24. Be5 Qb6 25. Qa3 Nc5 26. Rb4 Qe6
27. Bd4 Nfe4 28. Bxc5 Nxc5 29. Nxd5 Qxe2 30. Rc4 Bb2 31. Qb4 a5 32. Qb5 Nd3
33. Re4 1-0

[Event "76th ch-ARM HL 2016"]
[Site "Yerevan ARM"]
[Date "2016.01.20"]
[Round "8"]
[White "Andriasian,Z"]
[Black "Petrosian,TL"]
[Result "1/2-1/2"]
[WhiteElo "2594"]
[BlackElo "2625"]
[EventDate "2016.01.12"]

1. e4 c5 2. Nf3 d6 3. Bb5+ Nc6 4. O-O Bd7 5. Re1 g6 6. c3 a6 7. Bf1 Bg7 8.
h3 e5 9. Na3 Nge7 10. Nc2 O-O 11. d4 cxd4 12. cxd4 Nxd4 13. Ncxd4 exd4 14.
Nxd4 Nc6 15. Nf3 Be6 16. Ng5 Bc8 17. Bc4 h6 18. Nf3 Re8 19. Bf4 Be6 20.
Bxe6 Rxe6 21. Qb3 Qe7 22. Rad1 Re8 23. Bg3 Qc7 24. Rd5 Ne7 25. Rdd1 Nc6 26.
Rd5 Ne7 27. Rdd1 1/2-1/2

[Event "76th ch-ARM HL 2016"]
[Site "Yerevan ARM"]
[Date "2016.01.20"]
[Round "8"]
[White "Gabuzyan,H"]
[Black "Hovhannisyan,R"]
[Result "1/2-1/2"]
[WhiteElo "2585"]
[BlackElo "2624"]
[EventDate "2016.01.12"]

1. Nf3 d5 2. g3 Bg4 3. Bg2 c6 4. O-O Nd7 5. d4 e6 6. Nbd2 Ngf6 7. Re1 Be7
8. e4 h6 9. h3 Bh5 10. e5 Nh7 11. g4 Bg6 12. Nf1 h5 13. Re3 hxg4 14. hxg4
Qc7 15. Ng3 O-O-O 16. Qe2 Rdf8 17. c4 dxc4 18. b3 c3 19. Rxc3 Nb6 20. b4
Nd5 21. Rb3 Bxb4 22. Nh4 Bc3 23. Nxg6 fxg6 24. Bxd5 Bxa1 25. Bxe6+ Kb8 26.
Be3 Ng5 27. Bxg5 Bxd4 28. Be3 Qxe5 29. Kg2 Bxe3 30. Qxe3 Qxe3 31. Rxe3 Re8
32. Bf7 Rxe3 33. fxe3 Kc7 34. Ne4 b5 35. Bxg6 a5 36. g5 a4 37. Bf7 b4 38.
Nc5 Ra8 39. Ne6+ Kd6 40. Nxg7 Ke5 41. g6 b3 42. Ne8 Rxe8 43. g7 Ra8 44.
g8=Q Rxg8+ 45. Bxg8 bxa2 46. Bxa2 Ke4 47. Kf2 Kd3 48. Bb1+ Kc3 49. Ke2 Kb2
50. Bg6 a3 51. Bf7 a2 52. Bxa2 Kxa2 53. e4 1/2-1/2